000 00780nam a2200253 i 4500
001 000030841
003 DO-SdBNP
005 20230808102349.0
007 ta
008 110531s19uu dr 000 0 spa d
040 _aDO-SdBNP
_bspa
_cBNPHU
_erda
082 _bT197
_222
100 1 _aTavarez Belliard, Aurora
_957384
245 1 0 _aLibro de lectura :
_btercer curso primario
_cAurora Tavarez Belliard
264 _aSantiago, República Dominicana :
_bImprenta la Información,
_c[194?].
300 _a210 paginas. :
_bilustraciones ;
_c23 cm.
336 _2rdacontent
_atexto
_btxt
337 _2rdamedia
_asin mediación
_bm
338 _2rdacarrier
_avolumen
_bnc
490 _aEl niño dominicano
590 _aInventariado, 2023 / DG
910 _aDG
942 _2ddc
_cLBS1
999 _c54347
_d54347